000 00928nam0a22002531 4500
001 rc\2581800
005 20250623120230.0
035 _a(NLR Aleph) 006746261
090 _a5697107
_c5697107
100 _a20110914d1928 |||y0rusy50 ca
101 0 _arus
102 _aRU
105 _aak z |||||
200 1 _aКак войска действуют в горах
_eС 10 рис. и черт.
_fИ. Успенский
210 _aМосква
_aЛенинград
_cГос. изд-во. Отд. воен. литературы
_d1928
_eЛенинград
_gтип. "Печатный двор"
215 _a78 с., [1] л. бланка-анкеты
_cил., черт.
_d17х12 см.
225 1 _aСССР. Библиотека красноармейца
700 1 _aУспенский
_bИ.
801 0 _aRU
_bNLR
_gpsbo
801 1 _aRU
_bELAR
_2rusmarc
852 _aNLR
_j62/3307
942 _cBOOK
980 _aNB